000 00269nam a2200109Ia 4500
001 1259626
005 20260417140315.0
008 260417s9999 xx 000 0 und d
020 _a9789752894532
245 0 _aNefes Nefese
_cAyşe Kulin
260 _bEverest Yayınları
999 _c1259626
_d1259626